Lyrics to 'El ataque de las chicas cocodrilo' by Hombre G, Morat - Statistics

General Stats
  • This quiz has been taken 37 times
  • The average score is 152 of 183
Answer Stats
Answer % Correct
a
100%
chica
100%
coco
100%
cocodrilo
100%
crees
100%
dio
100%
el
100%
Has
100%
has
100%
he
100%
la
100%
me
100%
Me
100%
mordisco
100%
no
100%
que
100%
Que
100%
Si
100%
sido
100%
te
100%
100%
visto
100%
barrio
80%
cosa
80%
cuidado
80%
de
80%
del
80%
digo
80%
guapo
80%
guapos
80%
hemos
80%
las
80%
lo
80%
los
80%
mi
80%
mucho
80%
muerden
80%
Ni
80%
ni
80%
normal
80%
Nunca
80%
Oye
80%
para
80%
pasa
80%
poco
80%
80%
se
80%
Siempre
80%
tienes
80%
un
80%
una
80%
Y
80%
y
80%
ahora
60%
al
60%
cartas
60%
días
60%
discotecas
60%
disimular
60%
encuentro
60%
espejo
60%
haces
60%
hago
60%
loco
60%
maniático
60%
más
60%
mil
60%
mirarme
60%
Pero
60%
piernas
60%
tan
60%
tengo
60%
todos
60%
vamos
60%
verdad
60%
Ves
60%
ya
60%
yo
60%
Yo
60%
Bebes
40%
casa
40%
colgar
40%
comerse
40%
escriben
40%
este
40%
hablan
40%
lado
40%
Llaman
40%
luego
40%
mejor
40%
niña
40%
oyen
40%
poquito
40%
Quizá
40%
risas
40%
simpático
40%
Solo
40%
No matching quizzes found
Score Distribution
Percent of People with Each Score
Percentile by Number Answered
Your Score History
You have not taken this quiz